Nároky stúpajú na lešeniach aj v kreslách topmanažérov
Zvyšovanie nárokov na zamestnancov v stavebnom biznise. Nárast počtu kvalifikovaných zamestnancov. Boj o študenta - znižovanie počtu študentov na stredných školách čoskoro zasiahne aj vysoké školy. Odchod niektorých kvalifikovaných pracovníkov za prácou do zahraničia. Racionalizácia v stavebnom bizn...
Saved in:
| Main Author: | |
|---|---|
| Format: | Book Chapter |
| Language: | Slovak |
| Subjects: | |
| Tags: |
No Tags, Be the first to tag this record!
|
MARC
| LEADER | 00000naa$a2200000$$$4500 | ||
|---|---|---|---|
| 001 | 0006628 | ||
| 005 | 20231009074556.8 | ||
| 041 | 0 | |a slo | |
| 044 | |a SK | ||
| 245 | 1 | 0 | |a Nároky stúpajú na lešeniach aj v kreslách topmanažérov |c aut. Zuzana Horníková |
| 520 | |a Zvyšovanie nárokov na zamestnancov v stavebnom biznise. Nárast počtu kvalifikovaných zamestnancov. Boj o študenta - znižovanie počtu študentov na stredných školách čoskoro zasiahne aj vysoké školy. Odchod niektorých kvalifikovaných pracovníkov za prácou do zahraničia. Racionalizácia v stavebnom biznise. Na stavby nastupuje manažérsky prístup a individuálna zodpovednosť. Potreba spolupráce školstva a stavebníctva. | ||
| 610 | 2 | 0 | |a stavebníctvo |
| 610 | 2 | 0 | |a racionalizácia |
| 610 | 2 | 0 | |a pracovníci kvalifikovaní |
| 610 | 2 | 0 | |a manažéri |
| 610 | 2 | 0 | |a zodpovednosť |
| 610 | 2 | 0 | |a školy odborné |
| 100 | 1 | |a Horníková, Zuzana | |